000
00211 a2200097 4500
001
2249
100
_a
Adams,HT
245
_a
elements of Internal com, Turb,Theo
260
_a
_b
Cambuidge
_c
090
_c
1633
_d
1633
942
_a
NUST-CAE
_c
M
_c
7036
999
_c
237322
_d
237322